[Event "Najdorf Memorial Great fin"]
[Site "Buenos Aires"]
[Date "2000.09.10"]
[Round "1.2"]
[White "Gomez Baillo, Jorge H"]
[Black "Andres Mendez, Miguel"]
[Result "1/2-1/2"]
[WhiteElo "2456"]
[BlackElo "2382"]
[Annotator "Bangiev,A"]
[PlyCount "37"]
[EventDate "2000.09.09"]
[EventType "k.o."]
[EventRounds "4"]
[EventCountry "ARG"]
[SourceTitle "CBM 079"]
[Source "ChessBase"]
[SourceDate "2000.11.21"]
[SourceVersion "1"]
[SourceVersionDate "2000.11.21"]
[SourceQuality "1"]

1. e4 c5 2. f4 Nc6 3. Nf3 g6 4. Bb5 Qb6 5. Bxc6 $5 Qxc6 6. Nc3 Bg7 7. d3 (7.
O-O d6 8. Qe2 Nh6 9. d3 O-O 10. f5 gxf5 11. Bxh6 Bxh6 12. exf5 Bxf5 13. Qxe7
Rfe8 14. Qf6 Bg6 {0-1 Warman,O-Jackson,A/Islington 1998/(26)}) 7... b5 $6 (7...
d6) 8. O-O b4 9. Nd5 e6 10. Qe2 $5 f5 $5 (10... Bb7 11. c4 $5 {/\f5}) 11. c4 $5
fxe4 $6 {Ein fehlerhafter Abtausch, der den weissen Vorstoss f4-f5 ermöglichen
sollte.} (11... bxc3 $5 12. Nxc3 Ne7) 12. dxe4 {/\f5} Bb7 (12... Qb7 13. f5 $1
exd5 14. exd5+ Kf8 (14... Ne7 15. Bg5) (14... Kd8 15. d6) 15. fxg6 $40) 13. f5
$5 O-O-O $5 14. Nf4 (14. f6 $6 Bxf6 15. Nxf6 Nxf6 16. Bg5 Rdf8 $17) 14... Nf6
$6 (14... exf5 $5 15. exf5 (15. e5 Qe4 16. Qf2) 15... gxf5 16. Nh5 $36 (16. Nd5
Qe6 $17) 16... Bh6 17. a3 $1 (17. Qe5 Bxc1 18. Qxh8 (18. Raxc1 Nh6 $17) 18...
Be3+ 19. Kh1 Qg6 $36) 17... b3 $1 $13) 15. e5 $1 Ne4 16. f6 Bh6 $2 {Ein grober
taktischer Fehler.} (16... Bf8 17. a3 b3 $1 18. Be3 $36) 17. Nxe6 Qxe6 (17...
Bxc1 18. Nxd8 $18) 18. Bxh6 Nxf6 19. Bg7 $18 {Nur auf Grund des K.o.-Systems
kommt hier als Resultat ein Remis in Frage. Der Weiße kam in die nächste Runde,
der Nachziehende schied aus.} 1/2-1/2

[Event "Bad Endbach"]
[Site "Bad Endbach"]
[Date "1995.??.??"]
[Round "?"]
[White "Lau, Ralf"]
[Black "Schmittdiel, Eckhard"]
[Result "1/2-1/2"]
[WhiteElo "2490"]
[BlackElo "2485"]
[Annotator "Bangiev,A"]
[PlyCount "75"]
[EventDate "1995.04.??"]
[EventType "tourn"]
[EventRounds "11"]
[EventCountry "GER"]
[EventCategory "11"]
[SourceTitle "CBM 047"]
[Source "ChessBase"]
[SourceDate "1995.08.01"]
[SourceVersion "1"]
[SourceVersionDate "1995.08.01"]
[SourceQuality "1"]

1. e4 {Horvath,T} c5 2. f4 d5 3. exd5 Nf6 4. Bb5+ Nbd7 {besser ist 4...Bd7} (
4... Bd7 $142 {Horvath,T ->Nebenvarianten1 Eröffnungsdisketten}) 5. c4 a6 6.
Bxd7+ Bxd7 7. Nc3 (7. d4 $6 {Horvath,T} cxd4 8. Qxd4 e6 9. Nc3 Rc8 10. Be3 Bc5
11. Qd3 Bxe3 12. Qxe3 O-O $15 {Halikian-Vitolinsch/Jerevan/1981}) 7... e6 8.
Qe2 Bd6 $5 (8... Be7 9. dxe6 Bxe6 10. Nf3 O-O 11. O-O {ist günstig für Weiß}
Bg4 {Horvath,T: /\Re8;Bd6~/=}) 9. dxe6 fxe6 (9... Bxe6 $6 10. f5 O-O 11. fxe6
Re8 12. Qf3 Rxe6+ 13. Nge2 $16) 10. d3 Qc7 $5 {[#]} (10... O-O $6 11. Nf3 (11.
Nh3 {Horvath,T} e5 $44) 11... Qc7 12. O-O Bxf4 13. Bxf4 Qxf4 14. Ne5 Qd4+ 15.
Kh1 Rae8 16. Rf3 $5 Bc8 17. Raf1 $36) 11. Nh3 $5 {Weiß kann nicht das Vorgehen
des schwarzen e-Bauern verhindert und bereitet die Antwort f5 vor.} (11. g3 O-O
(11... Bc6 $6 12. Nf3 (12. Qxe6+ $2 Kf8 $19) 12... Bxf3 13. Qxf3 O-O 14. O-O e5
$6 15. f5 $1 $16) 12. Nf3 Rae8 13. Ne4 (13. O-O e5 $1 $13) 13... Bc6 (13... e5
14. Nxd6 Qxd6 15. fxe5 $16 Qc7 16. Bf4 Nh5 17. Qd2 Nxf4 18. gxf4 $16) 14. O-O
$14) 11... O-O 12. O-O Rae8 {/\ e5} (12... e5 13. f5 $5 $16 {/\ Bg5xf6; Nd5 
(e4)} (13. f5 {Horvath,T} e4 14. dxe4 Bxh2+ 15. Kh1 Rae8 16. Bf4 Bxf4 17. Rxf4
Bc6 18. Rd1 Qe5 $44 {/\b5})) 13. Ne4 {Weiß verhindert das Vorgehen des
schwarzen e-Bauern auf e4.} (13. Bd2 e5 $5 14. f5 e4 $5 15. dxe4 Bc6 $44) 13...
b5 (13... e5 $2 14. f5 $1 $16 {mit klarem Vorteil für Weiß.}) 14. b3 Nxe4 15.
dxe4 Bc6 16. Bd2 $5 (16. Bb2 $2 Bxf4 $17) (16. e5 $5 Be7 17. Be3 (17. Qg4 $5)
17... Rd8 18. Qg4 $36 Rf5 (18... Qc8 19. Ng5 $36) 19. Rad1 $36) 16... bxc4 (
16... e5 $6 17. f5 {/\ Ng5-e6} Be7 18. Ng5 (18. Rfd1 Qb7 19. Nf2 Rd8 $132)
18... Bxg5 19. Bxg5 Qb7 20. Rae1 $14 {/\ Bh4-f2; /\ f6}) 17. bxc4 (17. Qxc4 $2
Bb5) 17... Be7 18. Bc3 Bf6 19. Bxf6 $1 gxf6 (19... Rxf6 $6 20. e5 Rff8 21. Rad1
{/\ Rd6} Rd8 22. Ng5 $36) 20. Qe3 (20. e5 $5 Kh8 (20... fxe5 21. fxe5 Kh8 22.
Nf4 Rf5 23. Rae1 $14) (20... f5 21. Rad1 {/\ Rd6} Rd8 22. Ng5 $36) 21. exf6
Rxf6 22. Qb2 Qg7 23. Rf2 Rg6 24. Qxg7+ Rxg7 25. Re1 $14) 20... Qa5 21. Rf3 $6
Rd8 22. Rg3+ Kh8 23. e5 $1 {Bereitet den Zug Ng5 mit zahlreichen Drochungen.}
Rd4 (23... f5 $2 24. Ng5 $18) 24. exf6 (24. f5 {Horvath,T} Re4 $8 (24... exf5
$2 25. Qh6 Rf7 26. e6 $18) 25. Qh6 Rf7 (25... Re1+ $2 26. Kf2 $18) 26. fxe6
Re1+ 27. Kf2 Rxa1 28. Rg8+ Kxg8 29. exf7+ Kxf7 30. Qxf6+ Ke8 (30... Kg8 $10)
31. Qxc6+ $13) 24... Re4 25. Qf2 Rxf6 (25... Rxc4 26. Qe2 Re4 27. Re3 Rxe3 28.
Qxe3 Rxf6 29. Qe5 Qd8 (29... Kg7 30. Ng5 Qd2 31. Nxe6+ Kg8 32. Qb8+ Kf7 33.
Ng5+ Kg7 34. Qc7+ Bd7 35. Qxc5 $16) 30. Qxc5 $16) 26. Qb2 (26. Rb1 h6 $13)
26... Rd4 27. Rd3 Rg6 28. Ng5 (28. g3 {Horvath,T} e5 29. Nf2 Qd8 30. Rad1 $16 (
30. Rxd4 Qxd4 31. Qxd4 cxd4 $10) 30... Qh4 31. fxe5) 28... Qc7 29. Rxd4 cxd4
30. Qxd4+ e5 $5 (30... Kg8 31. Re1 Bd7 32. h4 {/\ f5} h6 33. h5 $16) 31. Qc5 $1
(31. Qxe5+ Qxe5 32. Nf7+ Kg8 33. Nxe5 Rxg2+ 34. Kf1 Rxh2 35. Re1 $14) 31... Kg8
(31... exf4 $4 32. Qf8+ Rg8 33. Nf7+ $18) 32. h4 (32. Re1 $5 h6 $1 (32... exf4
$2 33. Re8+ Bxe8 (33... Kg7 {Horvath,T} 34. Ne6+ $18) 34. Qxc7 Rxg5 35. Qe7 $18
) 33. Rxe5 $5 Qd8 $1 $36 (33... hxg5 $2 34. Re8+ Bxe8 35. Qxc7 $16) 34. Ne4
Qd1+ 35. Kf2 Qc2+ 36. Ke3 Qc1+ 37. Kd3 Qxf4 $17) 32... exf4 33. Re1 Qd7 34. Qe5
$2 (34. Rb1 $1 {/\ Rb8} Qc7 (34... h6 35. Rb8+ $18) 35. Qf5 $1 {/\ Rb8} Qa7+ (
35... Bb7 36. Rd1 $1 {/\ Rd7,Rd8} Rg7 $8 37. Qe6+ Kf8 38. Qf6+ Ke8 39. Re1+ Re7
40. Qf7+ $18) 36. Kh1 Qe7 $1 37. Qxf4 $16) 34... h6 $1 35. Qb8+ Kg7 36. Qe5+
Kg8 37. Qb8+ Kg7 38. Qe5+ 1/2-1/2

[Event "Bermuda-B"]
[Site "Bermuda"]
[Date "2003.01.28"]
[Round "4"]
[White "Seul, Georg"]
[Black "Berg, Emanuel"]
[Result "0-1"]
[WhiteElo "2437"]
[BlackElo "2527"]
[Annotator "Bangiev,A"]
[PlyCount "80"]
[EventDate "2003.01.25"]
[EventType "tourn"]
[EventRounds "11"]
[EventCountry "BER"]
[EventCategory "10"]
[SourceTitle "CBM 094"]
[Source "ChessBase"]
[SourceDate "2003.05.26"]
[SourceVersion "1"]
[SourceVersionDate "2003.05.26"]
[SourceQuality "1"]

1. e4 c5 2. d3 Nc6 3. f4 e6 4. Nf3 d5 5. Be2 Nf6 6. e5 Ng4 {[%mdl 8] Ein neuer
Zug. Bislang hat Schwarz ausgerechnet 6...Nd7 ausprobiert, z.B.} (6... Nd7 7.
O-O Be7 8. c3 Qb6 9. c4 dxc4 10. dxc4 f6 11. exf6 Nxf6 12. Nc3 O-O 13. Bd3 Bd7
14. Qe2 Rad8 15. Ne4 {1-0 Beshukov,S-Frolov,A/Smolensk 2000/CBM 77 (24)}) 7. c3
{Weiß bemüht sich zurecht das Feld d4 zu stützen.} Bd7 8. Na3 Qb6 9. Nc2 Ne7 {
/\Nf5} 10. h3 Nh6 11. g4 {Weiß muss Nf5 verhindern.} (11. Rb1 Nef5 12. g4 Ng3
$15) 11... Nhg8 12. d4 {Ein logischer Zug. Die anderen weißen Möglichkeiten,
nämlich 12.Rb1 und 12.b4, sind unklar.} (12. b4 cxb4 13. Be3 Qc7 14. cxb4 $36
Ba4 15. Rc1 Rc8 $36) (12. Rb1 {/\Be3} h5 13. Rg1 hxg4 14. hxg4 Rc8 15. Be3 Ng6
16. Kf2 Nh6 17. Qd2 (17. b4 $6 Qc7) 17... Be7 18. Kg3 f5 19. exf6 Bxf6 $36)
12... h5 $5 (12... Ng6 $5 13. Rb1 {/\Be3}) 13. dxc5 $5 {Ein guter Zug, damit
bemüht sich Weiß die schwarzen Felder unter Kontrolle zu bekommen.} Qxc5 14.
Be3 Qa5 15. Rg1 (15. Kf2 hxg4 16. hxg4 Rxh1 17. Qxh1 Bb5 $132 18. Qf1 Bxe2 19.
Qxe2 $14) 15... Nc6 (15... Bb5 16. Ncd4 Bxe2 17. Qxe2 $14) (15... hxg4 $142 16.
hxg4 Nc6) 16. Bd3 $2 (16. g5 $1 {Dies wäre eine logische Fortsetzung, mit der
Absicht die schwarzen Felder zu sichern. Das schwache Feld f5 nimmt Weiß dann
in Kauf.} Nge7 (16... O-O-O 17. Nfd4 g6 18. b4 $16) 17. Nfd4 g6 18. b4 $1 {
mit dem Raumvorteil für Weiß}) 16... hxg4 $5 17. hxg4 O-O-O {Eine mutige
Entscheidung. Am Damenflügel findet der schwarze König keine Ruhe, da die
weiße Initiative gerade auf dem Damenflügel gerichtet ist. Schwarz möchte aber
möglichst schnell das Zentrum mittels ..f6 öffnen.} (17... Qc7 18. b4 Rc8 19.
Qd2 Nd8) 18. b4 $1 Qc7 19. Rb1 (19. Qd2 $142 {/\Qf2} Kb8 20. Qf2 b6 21. a4 {
Mit Druckspiel auf der Diagonale g1-a7} f6 22. a5 $36) 19... b6 $1 (19... Kb8
$2 20. b5 Na5 21. Bxa7+ $1 $16) 20. Ncd4 (20. a4 f6 21. Ncd4 $5 Kb7 $13) 20...
Kb8 21. a4 f6 22. a5 g5 {Ein risikantes Vorgehen, Schwarz hat schon aber keine
andere Wahl. Er soll seinen Plan, das Zentrum zu öffnen, um jeden Preis
umsetzen.} (22... fxe5 23. axb6 axb6 24. Nb5 Qb7 25. fxe5 $14) 23. axb6 (23.
exf6 Nxf6 24. Nxg5 $16) 23... axb6 24. b5 (24. exf6 Nxf6 (24... gxf4 $2 25. Nb5
$1 $18) 25. Nxg5 $16 Re8 26. Nb5 Qb7 27. Nf7 Rh3 28. Bf2 e5 29. Nfd6 exf4+ 30.
Nxe8 (30. Kf1 $5) 30... Bxe8 31. Qe2 $16) 24... Nxd4 25. cxd4 gxf4 (25... Qc3+
26. Ke2 gxf4 27. Bxf4 $16) 26. Bxf4 Bh6 27. Bg3 (27. Rc1 $1 Qb7 (27... Bxf4 28.
Rxc7 Kxc7 29. Qa4 $18) 28. Qd2 $16) 27... Be3 (27... f5 28. g5 $16) 28. exf6
Bf4 29. Bxf4 Qxf4 30. Qe2 {Weiß ist klar im Vorteil} (30. g5 e5 (30... Rh3 31.
Be2 $16) 31. dxe5 $18) 30... Kb7 (30... Nxf6 31. Qe5+ Qxe5+ 32. Nxe5 $16) 31.
g5 e5 32. dxe5 $18 Rh3 33. Kf2 Bg4 34. Rxg4 Qxg4 35. Rg1 Qf4 36. e6 $2 (36. Qd1
$1 {/\Be2} Ra8 (36... Rh2+ 37. Rg2) 37. Be2 $18) 36... Ra8 $1 {Dies stellt die
einzige schwarze Chance dar.} 37. e7 $2 {[%mdl 8192]} (37. Rg2 Ra2 38. Qxa2
Rxf3+ 39. Kg1 Qe3+ 40. Rf2 Rg3+ $40) 37... Ra2 $19 38. e8=Q Rxf3+ 39. Ke1 Qc1+
40. Qd1 Qc3+ 0-1

[Event "Aars"]
[Site "Aars"]
[Date "1995.??.??"]
[Round "3"]
[White "Larsen, Bent"]
[Black "Nielsen, Peter Heine"]
[Result "1/2-1/2"]
[WhiteElo "2515"]
[BlackElo "2500"]
[Annotator "Bangiev,A"]
[PlyCount "98"]
[EventDate "1995.10.??"]
[EventType "tourn"]
[EventRounds "9"]
[EventCountry "DEN"]
[EventCategory "9"]
[SourceTitle "CBM 050"]
[Source "ChessBase"]
[SourceDate "1996.02.01"]
[SourceVersion "1"]
[SourceVersionDate "1996.02.01"]
[SourceQuality "1"]

1. e4 c5 2. f4 d5 3. exd5 Nf6 4. Bb5+ Bd7 5. Bxd7+ Qxd7 6. c4 e6 7. Qe2 Bd6 8.
d3 O-O 9. dxe6 fxe6 10. Nf3 Nc6 11. O-O Rae8 12. Nc3 e5 13. f5 Qxf5 14. Ne4 $5
$146 {Mit diesem Zug versucht Weiß den schwarzen Vorstöß ...e5-e4 völlig zu
blokieren.} (14. Bg5 $142 e4 $5 (14... Nd4 15. Nxd4 Qxg5 16. Nf5 Bc7 17. Ne4
Nxe4 18. Qxe4 g6 19. Ne3 b6 20. Nd5 $14) 15. dxe4 Nxe4 16. Rae1 $13 {[#]} (16.
Rae1 $1 {[#]} Nf6 (16... Nxc3 $5 {Die schärfste Fortsetzung.} 17. Qxe8 Rxe8 18.
Rxe8+ Kf7 19. Ree1 $5 Kg8 20. Ne5 $5 Qxg5 21. Nf7 $5 Qd2 $1 22. Re8+ Bf8 23.
bxc3 h6 24. Nxh6+ gxh6 25. Rexf8+ $10) (16... Nxg5 17. Qxe8 Nxf3+ 18. Rxf3 Qxf3
19. gxf3 Rxe8 20. Rxe8+ Kf7 21. Re4 $16) 17. Qd1 $14 Rxe1 18. Rxe1 Nd4 19. Bxf6
Nxf3+ 20. Qxf3 Qxf3 21. gxf3 Rxf6 22. Re8+ $14 Rf8 (22... Kf7 23. Ra8 a6 24.
Ra7 $14) 23. Re6 {[#]} Rd8 24. Kg2 Kf7 25. Re4 g6 26. b3 Bf8 27. Nd5 b5 28.
Rf4+ Kg7 29. Kh3 bxc4 30. bxc4 Rb8 31. Rf6 Rb7 32. Ra6 Kf7 33. f4 Bg7 34. Kg4
Bd4 35. h4 Kg7 36. h5 Rb2 37. Rxa7+ Kh6 38. hxg6 hxg6 39. Ne7 Kg7 40. Nf5+ Kf6
{Short,N-Kasparov,G/Paris rapid 1990/1-0 (52)})) 14... Nxe4 15. Qxe4 (15. dxe4
$6 Nd4 16. exf5 (16. Nxd4 Qxf1+ 17. Qxf1 Rxf1+ 18. Kxf1 exd4 $17) 16... Nxe2+
17. Kf2 e4 $5 $36) 15... Qxe4 16. dxe4 Nd4 17. Rf2 (17. Bd2 $5 Ne2+ (17... h6
18. Rf2 {nebst 19.Bc3}) (17... Nxf3+ 18. Rxf3 Rxf3 19. gxf3 Be7 20. Bc3 Bf6 21.
Rd1 Kf7 22. Rd5 b6 23. Kf2 $14) 18. Kf2 Nf4 19. Bc3 $5 (19. Bxf4 exf4 (19...
Rxf4 20. Rad1 $36) 20. Rfe1 Be5 21. Nxe5 Rxe5 22. Kf3 g5 23. h3 h5 24. Rad1 $36
)) 17... Nxf3+ (17... h6 18. Bd2 g5 19. h3 Kg7 20. Raf1 $14) 18. Rxf3 Rxf3 19.
gxf3 Be7 20. Kf2 Rd8 $10 21. Be3 Kf7 22. Ke2 b6 23. Rg1 Rd6 $5 (23... Rd7 24.
Bd2 Bf6 25. Bc3 $36) 24. Bd2 Rg6 25. Rg4 Rxg4 26. fxg4 Ke6 27. a3 a6 28. Kd3
Kd6 29. Be1 Bg5 30. h4 Bf4 31. h5 g6 32. hxg6 hxg6 33. Bh4 Bc1 34. Kc3 Be3 35.
Bd8 Kc6 36. Bf6 Kd6 37. Kd3 Bc1 38. Kc2 Be3 39. Bg7 Bd4 40. Bh6 Kc6 41. Bc1 Kd6
42. b3 Bf2 43. Kd3 Bg3 44. Bh6 Bf4 45. Bf8+ Kc6 46. Kc2 a5 47. Be7 Kd7 48. Bf6
Kd6 49. Bd8 Kc6 1/2-1/2

[Event "FRA-chT Gp-A"]
[Site "France"]
[Date "2003.02.01"]
[Round "2"]
[White "Salaun, Yann"]
[Black "Karr, Jean Philippe"]
[Result "0-1"]
[WhiteElo "2386"]
[BlackElo "2376"]
[Annotator "Bangiev,A"]
[PlyCount "66"]
[EventDate "2003.01.31"]
[EventType "team"]
[EventRounds "7"]
[EventCountry "FRA"]
[SourceTitle "CBM 094"]
[Source "ChessBase"]
[SourceDate "2003.05.26"]
[SourceVersion "1"]
[SourceVersionDate "2003.05.26"]
[SourceQuality "1"]
[WhiteTeam "Drancy"]
[BlackTeam "Noyon"]
[WhiteTeamCountry "FRA"]
[BlackTeamCountry "FRA"]

1. e4 c5 2. f4 d5 3. Bb5+ Bd7 4. Bxd7+ Qxd7 5. d3 Nc6 6. exd5 Qxd5 7. Nf3 e6 8.
Nc3 Qd7 9. O-O Nh6 10. Ne5 Nxe5 11. fxe5 {Weiß verfügt schon über einen
beachtlichen Raum- und Entwicklungsvorteil.} Nf5 12. Bf4 $6 {Weiß soll
bestrebt sein die Entwicklung des Nachziehenden zu hindern, mit dem Ziel den
König auf e8 fest zu halten. Diesen Anforderungen entspricht am besten 12.Qf3,
z.B.} (12. Qf3 $5 Nd4 (12... Be7 $2 13. g4) (12... Rd8 13. Kh1) 13. Qf2 {
um Be7 zu verhindern.} Nc6 14. Bf4 Be7 15. Ne4 b6 16. Qg3 (16. Bg3 O-O 17. Rae1
Rad8) 16... O-O 17. Nf6+ $1 Bxf6 18. exf6 g6 19. Qg5 $18) (12. Kh1 Be7) 12...
Be7 13. Ne4 O-O 14. Kh1 Qc6 $6 (14... Rad8 15. Qg4 Kh8 $13) 15. Qg4 {Weiß
strebt einen Königsangriff an, ohne allerdings klare Angriffsziele festzulegen.
} (15. Qh5 $5 {Der beste Zug, mit der Absicht Ph7 anzugreifen.} Qd5 16. Rf3
Rad8 17. Rh3 h6 18. Ng3 Nxg3+ 19. Rxg3 Bg5 20. Qg4 $36) 15... c4 $5 16. Rf3 (
16. Ng3 cxd3 17. cxd3 Nh4) (16. Rad1 cxd3 17. cxd3 Rad8 (17... Qc2 18. Rf2) 18.
b3) 16... cxd3 17. cxd3 Qb5 (17... Qc2 $5 {käme auch in Frage}) 18. Raf1 Rad8
$17 19. Qh3 {Der weiße Angriff ist gestoppt.} Rd4 {Schwarz ist dagegen sehr
aktiv im Zentrum.} 20. Bd2 (20. b3 Nh4 21. Re3 Rc8) 20... Nh4 21. Bg5 $6 {
Ein bezweifelter Versuch die Initiative zu ergreifen.} (21. Re3 Rfd8 $17) 21...
Nxf3 22. Bxe7 Qxd3 $2 {[%mdl 8192]} (22... Nxe5 23. Ng5 (23. Bxf8 Rxe4) 23...
h6 24. Bxf8 hxg5 $19) 23. Qxf3 $2 (23. Nf6+ $1 {[%mdl 64] Dieser Zwischenzug
könnte die Partie retten.} Kh8 (23... gxf6 24. gxf3 $1 h5 $8 25. Qg2+ (25. Rg1+
Rg4 $11) 25... Qg6 26. Rg1 $16) 24. gxf3 Rc8 25. Rg1 Rc2 (25... Rf4 26. Nh5
Rxf3 27. Bf6 gxf6 28. Qg2 $18) 26. Bf8 gxf6 27. Be7 (27. Bg7+ Kg8 28. Bh6+ Kh8
29. Bg7+ $11) 27... Rf4 28. Bxf6+ Rxf6 29. exf6 $36) 23... Qxe4 $17 24. Qf2 f5
25. exf6 Rf7 26. Qg3 h6 27. Re1 Qd5 28. h3 Rd1 29. Rxd1 Qxd1+ 30. Kh2 Kh7 31.
Qe5 Qd5 32. Qb8 gxf6 33. Qe8 Rg7 0-1

[Event "Varazdin GM"]
[Site "Varazdin"]
[Date "2003.11.28"]
[Round "7"]
[White "Topalovic, Zlatko"]
[Black "Dumpor, Atif"]
[Result "1-0"]
[WhiteElo "2514"]
[BlackElo "2364"]
[Annotator "Bangiev,A"]
[PlyCount "71"]
[EventDate "2003.11.24"]
[EventType "tourn"]
[EventRounds "10"]
[EventCountry "CRO"]
[EventCategory "10"]
[SourceTitle "CBM 099"]
[Source "ChessBase"]
[SourceDate "2004.03.30"]
[SourceVersion "1"]
[SourceVersionDate "2004.03.30"]
[SourceQuality "1"]

1. e4 c5 2. d4 cxd4 3. c3 dxc3 4. Nxc3 d6 5. Bc4 e6 6. Nf3 Be7 7. Qe2 Nc6 8.
O-O a6 9. Rd1 {Diese Stellung gilt als die Ausgangsstellung für Weiß. Für den
geopferten Bauern verfügt Weiß über einen beachtlichen Entwicklungsvorsprung.
Dies reicht allein nicht aus, um Vorteil zu erzielen. Weiß muss vor allem
bestrebt sein, seinen Entwicklungsvorsprung in Initiative zu verwandeln. Dazu
verfügt er über die offene c-Linie, wo er sich aktiv zeigen soll und dadurch
das Druckspiel am Damenflügel zu steigen. Die Bemühungen des Anziehenden
sollen sich daran konzentrieren den Stützpunkt auf c6 zu stürzen.} b5 {Dieser
Zug stellt möglicherweise einen strategischen Fehler dar, vor allem darum,
dass der Springer auf c6 nicht mehr gestützt ist. Sollte Weiß auf der c-Linie
angreifen, könnte er in der Folge den Nc6 vertreiben und in den schwarzen
Spielraum eindringen.} 10. Bb3 Ra7 {Wegen des starken Drucks des Weißen auf
der d-Linie bemüht sich Schwarz die Dame auf d8 zu schützen oder eine sichere
Position zu finden, was nun (die c-Linie ist nicht mehr sicher) eine
schwierige Aufgabe darstellt.} (10... Qc7 11. Bf4 Nf6 12. Rac1 $14) 11. Be3 {
/\Rac1} (11. e5 Rd7 12. exd6 Bxd6 (12... Rxd6 13. Bf4) 13. Ne4) 11... Rd7 {
Schwarz versucht mit diesem verdächtigen Manöver (z.B. wird nun die Schwächung
der Grundreihe auffällig) die Dame auf d8 zu sichern.} 12. Rac1 Bb7 {Die
schwarze Stellung sieht auf den ersten Blick richtig sicher aus. Doch soll und
kann der beachtliche weiße Entwicklungsvorsprung seine Wirkung finden. Das
Motiv dafür stellt die knappe Verteidigung auf c-Linie und auf der Grundreihe
dar. Weiß verfügt über mehrere Züge, wie etwa 13.Nxb5 oder 13.Nd4 aber auch 13.
a4 oder 13. Na4, die sorgfältig überprüft werden sollen.} 13. Na4 $1 {[%mdl
512] Eine auf den ersten Blick überraschende Idee! Es droht 14.Nb6. Nach einem
kurzen Überlegen wird schnell klar, dass Schwarz auf a4 nehmen muss, was das
schwache Feld c6 endgültig in Reichweite der weißen Figuren bringt.} (13. Nxb5
{Dies stellt eine der Möglichkeiten den Damenflügel zu öffnen dar.} axb5 14.
Qxb5 Nf6 15. Rxc6 Bxc6 16. Qxc6 O-O 17. Ba4 {Mit weißer Initiative}) (13. a4 $6
{Dies reicht nicht aus, das Spiel am Damenflügel zu öffnen} b4 14. Nb5 axb5 15.
Qxb5 Qa8 $19) 13... bxa4 14. Bxa4 {Die Folge des Springeropfers auf a4 sind
offensichtlich: dem Weißen ist es gelungen die Diagonale a4-e8 zu erobern, den
Nc6 unter Beschuss zu nehmen.} Nb8 (14... Qa8 15. Qc4 Nb8 16. Qb3 $1 (16. Ne5 {
Dies genügt nicht} dxe5 17. Qc8+ Bxc8 18. Rxc8+ Bd8 19. Rxd7 Nxd7 20. Rxa8 Ngf6
) 16... Kf8 17. Bxd7 Nxd7 18. Rc7 Bc6 19. Qc3 $16) 15. e5 $1 {Weiß strebt
danach die Stellung zu öffnen. Bekanntlich kommt die Öffnung der Stellung in
der Regel der Seite zugute, die über Entwicklungsvorsprung bzw.
Stellungsvorteil verfügt.} (15. Ba7 Nf6 16. e5 Nd5) 15... Bxf3 $6 {Schwarz
möchte damit die Stellung vereinfachen. Dadurch sollen aber die weißen Felder
im schwarzen Spielraum entscheidend geschwächt sein.} (15... dxe5 16. Nxe5 Nf6
17. Bg5 Nd5 {Trotz des gewaltigen Entwicklungsvorsprungs, wird es dem Weißen
nicht einfach fallen, diesen in Stellungsvorteil umzuwandeln.} 18. Bxe7 Qxe7
19. Nxd7 Nxd7 20. Rxd5 exd5 21. Bxd7+ Kd8 (21... Kxd7 $2 22. Rc7+) 22. Qxe7+
Kxe7 23. Rc7 $14) 16. Qxf3 d5 17. Ba7 {Ein starker Zug. Der Springer b8 ist
offenbar zum Angriffsziel geworden. /\Qb3} Bg5 {Dies gefährdet die schwarze
Stellung noch mehr. Man sollte in einer unentwickelten Stellung logischerweise
auf jede Aktivität verzichten, die nicht die Entwicklung der eigenen Stellung
fördert.} (17... Nh6 $5 {/\ 0-0} 18. Qc3 (18. Qb3 O-O 19. Bxb8 Qxb8 20. Bxd7
Qxe5 $14) 18... O-O 19. Bxb8 Rb7 20. Bc7 $14) (17... Kf8 18. Bxb8 Rb7 19. Bd6
$16) 18. Qb3 Bxc1 19. Rxc1 {Nun bricht die schwarze Stellung am Damenflügel
zusammen.} Nh6 (19... f5 20. Bxb8 Ne7 21. Bc7 $18) 20. Bb6 $18 {Die Schwächung
der Grundreihe im 10. Zug (10...Ra7) zeigt doch Wirkung.} O-O {Schwarz hat
keine andere Wahl mehr} (20... Qg5 $2 21. Rc8+) 21. Bxd8 Rdxd8 22. h3 Nd7 23.
Bxd7 Rxd7 24. Rc6 Ra7 25. Qa4 Rfa8 26. g4 Kh8 27. Qc2 Ng8 28. Rc7 g6 29. Qc5
Rxc7 30. Qxc7 Kg7 31. b4 h5 32. g5 Kf8 33. Qc6 Ra7 34. Qc5+ Re7 35. Qc8+ Re8
36. Qxa6 {Eine mustergültige Partie zum Thema "Aktive Eröffnungsstrategie"} 1-0